Здравоохранение Татарстана: связь науки с практикой (Запись № 492841)

Подробности
000 -МАРКЕР
контрольное поле 01746nam1a2200325 i 4500
001 - ИДЕНТИФИКАТОР ЗАПИСИ
контрольное поле RU\NLR\bibl\998910
005 - ИДЕНТИФИКАТОР ВЕРСИИ
контрольное поле 20260407062856.0
035 ## - ДРУГИЕ СИСТЕМНЫЕ НОМЕРА
Идентификатор записи (NLR Aleph) 000986649
100 ## - ДАННЫЕ ОБЩЕЙ ОБРАБОТКИ
Данные общей обработки 20061019g20059999u y0rusy50 ca
101 0# - ЯЗЫК РЕСУРСА
Язык текста, звукозаписи и т.д. русский
102 ## - СТРАНА ПУБЛИКАЦИИ ИЛИ ПРОИЗВОДСТВА
Страна публикации Российская Федерация
105 ## - ПОЛЕ КОДИРОВАННЫХ ДАННЫХ: ТЕКСТОВЫЕ МАТЕРИАЛЫ, МОНОГРАФИЧЕСКИЕ
Кодированные данные о монографическом текстовом документе y |||||||||
200 1# - ЗАГЛАВИЕ И СВЕДЕНИЯ ОБ ОТВЕТСТВЕННОСТИ
Основное заглавие Здравоохранение Татарстана: связь науки с практикой
Сведения, относящиеся к заглавию библиографический указатель трудов работников здравоохранения Республики Татарстан (1990-2004 гг.)
Первые сведения об ответственности М-во здравоохранения Респ. Татарстан, Респ. мед. библ.-информ. центр
Последующие сведения об ответственности [сост.: д.п.н. Ю.Н. Дрешер, Т.В. Шошева]
210 ## - ПУБЛИКАЦИЯ, РАСПРОСТРАНЕНИЕ И ДР.
Место издания, распространения и т.д. Казань
Имя издателя, распространителя и т. д. Медицина
Дата издания, распространения и т.д. 2005
215 ## - ФИЗИЧЕСКАЯ ХАРАКТЕРИСТИКА
Размеры 25
300 ## - ОБЩИЕ ПРИМЕЧАНИЯ
Текст примечания 85 лет Республики Татарстан
463 #0 - УРОВЕНЬ ФИЗИЧЕСКОЙ ЕДИНИЦЫ
Встроенное поле 001971532
463 #0 - УРОВЕНЬ ФИЗИЧЕСКОЙ ЕДИНИЦЫ
Встроенное поле 001971274
606 1# - НАИМЕНОВАНИЕ ТЕМЫ КАК ПРЕДМЕТ
Наименование темы Здравоохранение
Формальный подзаголовок Библиография
Географический подзаголовок Татарстан, Республика
Системный номер авторитетной/нормативной записи 2070071
Идентификатор авторитетной/нормативной записи RU\NLR\auth\661244787
606 1# - НАИМЕНОВАНИЕ ТЕМЫ КАК ПРЕДМЕТ
Наименование темы Медицина
Тематический подзаголовок Библиография
Системный номер авторитетной/нормативной записи 1527225
Идентификатор авторитетной/нормативной записи RU\NLR\auth\66664649
686 ## - ИНДЕКСЫ ДРУГИХ КЛАССИФИКАЦИЙ
Индекс Р11(2Р-6Т)я1
686 ## - ИНДЕКСЫ ДРУГИХ КЛАССИФИКАЦИЙ
Индекс Р.я1
702 #1 - ИМЯ ЛИЦА - ВТОРИЧНАЯ ОТВЕТСТВЕННОСТЬ
Код отношения Составитель
Материалы, к которым относится поле rus
Графика поля Кириллица
Начальный элемент ввода Дрешер
Часть имени, кроме начального элемента ввода Ю. Н.
Даты 1953-
Расширение инициалов личного имени Юлия Николаевна
Идентификатор авторитетной/нормативной записи RU\NLR\AUTH\7713119
Системный номер авторитетной/нормативной записи 122820
712 02 - НАИМЕНОВАНИЕ ОРГАНИЗАЦИИ - ВТОРИЧНАЯ ОТВЕТСТВЕННОСТЬ
Код отношения Прочие
Начальный элемент ввода Татарский республиканский медицинский библиотечно-информационный центр
Идентифицирующий признак Казань
Идентификатор авторитетной/нормативной записи RU\NLR\AUTH\889917964
Системный номер авторитетной/нормативной записи 332071
801 #0 - ИСТОЧНИК ЗАПИСИ
Страна Российская Федерация
Организация NLR
Дата составления 20061019
Правила каталогизации rcr
801 #1 - ИСТОЧНИК ЗАПИСИ
Страна Российская Федерация
Организация NLR
Дата составления 20061019
852 ## - МЕСТОНАХОЖДЕНИЕ И ШИФР ХРАНЕНИЯ
Идентификатор организации NLR
Шифр хранения (Call Number) С 2006-3/89
942 ## - ДОПОЛНИТЕЛЬНЫЕ ЭЛЕМЕНТЫ ЗАПИСИ (АБИС)
Тип экземпляра АБИС Книга

Нет доступных экземпляров.